000 00604nam a22001817a 4500
003 0
005 20231120142336.0
008 231120b xxu||||| |||| 00| 0 eng d
020 _a978-621-409-174-4
050 _aD 421
_b.B54 2022
100 _aBihasa, Carmelo Rico S.
245 _aThe contemporary world : looking through the lenses of globalization
_cBihasa, Carmelo Rico S.
260 _aMandaluyong City
_bBooks Atbp. Publishing Corp.
_cc2023.
300 _a250 pages ;
_c25 cm.
504 _aIncludes bibliographical references and index.
650 _aGlobalization.
942 _2lcc
_cBK
999 _c365659
_d365659